000 00361nam a2200169Ia 4500
100 _aBond/Martin
650 _aJ2EE
942 _cRB
366 _f20
654 _aJ2EE
245 _aSAMS Teach yourself J2EE in 21 days
260 _bPearson Education
_aMumbai
_c2004
082 _a005.133J/BON
_bBON
300 _a1002
546 _aENGLISH
999 _c23901
_d23901